00468nam a2200169Ia 4500003000900000008004100009020002200050040001600072080001700088100001700105245006300122250001200185260004100197300001400238650002800252700001800280IN-BaIIA211028s9999 xx 000 0 eng d a978-1-78326-482-7 cIIA Library a524.882bRAI aRaine, Derek 0aBlack holesba student textcDerek Raine and Edwin Thomas  a3rd ed. aLondonbImperial College Pressc2015 axv, 282p. aBlack holes (Astronomy) aThomas, Edwin